Normal view
MARC view
- الرسم الهندسي
Entry Topical Term
001 - CONTROL NUMBER
- control field: 51926
003 - CONTROL NUMBER IDENTIFIER
- control field: JO-AjAnu
005 - DATE AND TIME OF LATEST TRANSACTION
- control field: 20230606082535.0
008 - FIXED-LENGTH DATA ELEMENTS
- fixed length control field: 230606|| aca||aabn | a|a d
040 ## - CATALOGING SOURCE
- Original cataloging agency: JO-AjAnu
- Transcribing agency: JO-AjAnu
150 ## - HEADING--TOPICAL TERM
- Topical term or geographic name entry element: الرسم الهندسي
670 ## - SOURCE DATA FOUND
- Source citation: Work cat.: (JO-AjAnu)26539: الشافعي، شريف فتحي, author 51925, الرسم الهندسي المدني